Preisträgerinnen des Bravo Otto Gold (Beste Sängerin) - Statistiken

Allgemein
  • Dieses Quiz wurde 27 mal gespielt
  • Das Durchschnittsergebnis liegt bei 23 aus 35
Antwortstatistiken
Bildquiz Hint Antwort % Korrekt
Vereinigte Staaten / 1999, 2000 / … Baby One More Time, Oops!… I Did It Again Britney Spears
96%
Deutschland / 2015 / Wild & Free Lena Meyer-Landrut
96%
Vereinigte Staaten / 1985, 1986, 1987 / Like a Virgin, Papa Don’t Preach, La Isla Bonita Madonna
96%
Vereinigte Staaten / 2023 / Anti-Hero Taylor Swift
96%
Kanada / 1998 / My Heart Will Go On Céline Dion
93%
Deutschland / 1996, 1997 / Herz an Herz, Boomerang Jasmin Wagner
93%
Deutschland / 1982 / Nur geträumt Nena
93%
Barbados / 2011 / We Found Love Rihanna
93%
Deutschland / 2004, 2005, 2006 / Music Is the Key, Just One Last Dance, From Zero to Hero Sarah Connor
93%
Kanada / 1994 / All I Want for Christmas Is You Mariah Carey
89%
Vereinigte Staaten / 2020, 2021 / 7 Rings, Positions Ariana Grande
81%
Vereinigte Staaten / 2019, 2024 / Bad Guy, Birds of a Feather Billie Eilish
81%
Australien, Vereinigtes Königreich / 2001 / Can’t Get You Out of My Head Kylie Minogue
81%
Deutschland / 2002, 2003 / Rock My Life, Rockin’ on Heaven’s Floor Jeanette Biedermann
78%
Vereinigtes Königreich / 1977 / It’s a Heartache Bonnie Tyler
70%
Vereinigte Staaten / 1993, 1995 / That’s the Way Love Goes, Scream Janet Jackson
70%
Deutschland, Frankreich / 1988, 1989, 1990, 1991, 1992 / Everlasting Love, Secret Land, Around My Heart, Hiroshima, Don’t Be Aggressive Sandra
70%
Deutschland / 1972, 1975 / Am Tag, als Conny Kramer starb, Wenn du denkst, du denkst, dann denkst du nur, du denkst Juliane Werding
67%
Vereinigte Staaten / 2010 / Tik Tok Kesha
67%
Deutschland / 2007 / Heul doch LaFee
67%
Vereinigte Staaten / 2008 / 7 Things Miley Cyrus
63%
Vereinigtes Königreich, Australien / 1978, 1979, 1980 / You’re the One That I Want, Summer Nights, Xanadu Olivia Newton-John
63%
Deutschland / 1960 / Midi-Midinette Cornelia Froboess
59%
Vereinigte Staaten / 1983 / Flashdance … What a Feeling (†) Irene Cara
59%
Dänemark / 1965 / Jetzt dreht die Welt sich nur um dich Gitte Hænning
56%
Vereinigte Staaten / 2012, 2013 / Love You Like a Love Song, Come & Get It Selena Gomez
52%
Vereinigtes Königreich / 1981, 1984 / Cambodia, The Second Time Kim Wilde
48%
Vereinigte Staaten / 1973, 1974 / Can the Can, Devil Gate Drive Suzi Quatro
44%
Israel / 1972 / Willst du mit mir geh’n (†) Daliah Lavi
41%
Norwegen / 1967, 1968 / Beiß nicht gleich in jeden Apfel, Ein Hoch der Liebe Wencke Myhre
41%
Italien / 1961 / Itsy Bitsy Teenie Weenie Honolulu-Strand-Bikini (†) Caterina Valente
37%
Vereinigte Staaten / 1962, 1963, 1964 / Tu’ mir nicht weh, Lili Marleen, Barcarole in der Nacht (†) Connie Francis
26%
Vereinigtes Königreich / 1976 / I Love to Love (But My Baby Loves to Dance) Tina Charles
22%
Deutschland / 1966, 1969, 1970, 1971 / Küsse unterm Regenbogen, Guantanamera, Bobby (Ein kleiner Hund mit braunen Augen), Prost, Onkel Albert! (†) Manuela
19%
Argentinien / 2016 / Got Me Started Tini
15%
Keine übereinstimmenden Quizze gefunden
Verteilung der Resultate
Anzahl Personen mit jedem Resultat
Perzentil nach korrekt beantworteten Fragen
Ihre Resultats-Entwicklung
Sie haben dieses Quiz noch nicht gespielt